[Event "XV Obert Internacional d'Escacs de Figueres "Mique"]
[Site "Castillo San Ferran Figueres"]
[Date "2014.08.14"]
[Round "4"]
[Board "16"]
[White "Ayats Llobera, Gerard"]
[Black "Alvarez Albiol, Victor"]
[Result "1-0"]
[WhiteElo "1934"]
[BlackElo "1806"]
[PlyCount "101"]
[EventDate "2014.08.11"]
[EventRounds "9"]
[EventCountry "ESP"]

1. e4 c5 2. Nf3 e6 3. d4 cxd4 4. Nxd4 Nc6 5. Nc3 Qc7 6. Ndb5 Qb8 7. Be3 a6 8.
Bb6 axb5 9. Nxb5 Bb4+ 10. c3 Ba5 11. Nc7+ Qxc7 12. Bxc7 Bxc7 13. Qg4 Kf8 14. f4
Nf6 15. Qf3 h5 16. Bd3 Bb6 17. a4 g6 18. b4 Kg7 19. a5 Re8 20. Kd2 Bc7 21. e5
Nd5 22. Be4 d6 23. exd6 Bxd6 24. g3 f5 25. Bxd5 exd5 26. a6 Re4 27. b5 Nd8 28.
axb7 Bxb7 29. Rxa8 Bxa8 30. Ra1 Bb7 31. Qf2 Re6 32. Ra7 Kg8 33. Kd3 Bb8 34. Ra4
Bc7 35. Qa7 Bb6 36. Qb8 Kf7 37. Ra2 Re3+ 38. Kc2 d4 39. Ra3 Re2+ 40. Kd3 Re3+
41. Kd2 dxc3+ 42. Rxc3 Rxc3 43. Kxc3 Ke6 44. Qe5+ Kf7 45. Qh8 Ke6 46. Qg7 Kd5
47. Qxg6 Ba5+ 48. Kd3 Bc8 49. Qxh5 Nb7 50. Qf3+ Ke6 51. Qc6+ 1-0

[Event "XV Obert Internacional d'Escacs de Figueres "Mique"]
[Site "Castillo San Ferran Figueres"]
[Date "2014.08.14"]
[Round "4"]
[Board "17"]
[White "Pinsach Gelabert, Alexandre"]
[Black "Rivera Hernandez, Josep"]
[Result "1-0"]
[WhiteElo "2140"]
[BlackElo "1925"]
[PlyCount "45"]
[EventDate "2014.08.11"]
[EventRounds "9"]
[EventCountry "ESP"]

1. e4 c5 2. Nf3 d6 3. d4 cxd4 4. Nxd4 Nf6 5. Nc3 a6 6. Bc4 e6 7. Bb3 b5 8. O-O
Be7 9. Qf3 Qc7 10. Qg3 O-O 11. Bh6 Ne8 12. Rad1 Kh8 13. Bg5 Nf6 14. a3 Nc6 15.
Nxc6 Qxc6 16. Bxf6 gxf6 17. Nd5 Bd8 18. Qh4 Rg8 19. Nxf6 Bxf6 20. Qxf6+ Rg7 21.
Qd8+ Rg8 22. Rxd6 Qxe4 23. Qf6+ 1-0

[Event "XV Obert Internacional d'Escacs de Figueres "Mique"]
[Site "Castillo San Ferran Figueres"]
[Date "2014.08.15"]
[Round "5"]
[Board "1"]
[White "Gomez Garrido, Camilo Ernesto"]
[Black "Aroshidze, Levan"]
[Result "1/2-1/2"]
[WhiteElo "2496"]
[BlackElo "2539"]
[PlyCount "52"]
[EventDate "2014.08.11"]
[EventRounds "9"]
[EventCountry "ESP"]

1. e4 c5 2. Nf3 e6 3. d4 cxd4 4. Nxd4 Nc6 5. Nc3 Qc7 6. g3 a6 7. Bg2 Nf6 8. O-O
d6 9. Re1 Nd7 10. Nxc6 bxc6 11. Na4 Bb7 12. b3 Be7 13. Bb2 O-O 14. c4 c5 15. f4
Rad8 16. Qg4 Bf6 17. e5 dxe5 18. Bxb7 Qxb7 19. fxe5 Be7 20. Nc3 Nb8 21. Ne4 Nc6
22. Nd6 Qb6 23. Ne4 Qb7 24. Nf6+ Kh8 25. Nh5 g6 26. Nf6 Rd2 1/2-1/2

[Event "XV Obert Internacional d'Escacs de Figueres "Mique"]
[Site "Castillo San Ferran Figueres"]
[Date "2014.08.15"]
[Round "5"]
[Board "2"]
[White "Oliva Castaneda, Kevel"]
[Black "Perez Mitjans, Orelvis"]
[Result "1-0"]
[WhiteElo "2446"]
[BlackElo "2435"]
[PlyCount "89"]
[EventDate "2014.08.11"]
[EventRounds "9"]
[EventCountry "ESP"]

1. d4 Nf6 2. Nf3 g6 3. Bg5 Bg7 4. Nbd2 c5 5. c3 cxd4 6. cxd4 O-O 7. e3 Qb6 8.
Nc4 Qb4+ 9. Nfd2 d5 10. a3 Qb5 11. Nd6 Qxb2 12. Nb5 Bf5 13. Nc7 Rc8 14. Nxa8
Ne4 15. Nxe4 Bxe4 16. f3 Bd3 17. Bf4 Bxf1 18. Kxf1 e5 19. Rb1 Qxa3 20. dxe5 Na6
21. Qxd5 Rxa8 22. Rxb7 Rf8 23. e6 Nb4 24. Qc4 Nd3 25. exf7+ Kh8 26. Ke2 Nb2 27.
Qb3 Qa6+ 28. Kf2 Nd3+ 29. Kg3 g5 30. Bc7 Qh6 31. Qc4 Nf4 32. h3 Ne6 33. Bd6 Rd8
34. Rb8 Rxb8 35. Bxb8 Qf6 36. Qc8+ Nf8 37. Qe8 h5 38. Rd1 Kh7 39. Bxa7 Qc3 40.
Qe4+ Ng6 41. Bd4 Qc7+ 42. Kf2 Qxf7 43. Bxg7 Kxg7 44. Rd6 Qa2+ 45. Kg3 1-0

[Event "XV Obert Internacional d'Escacs de Figueres "Mique"]
[Site "Castillo San Ferran Figueres"]
[Date "2014.08.15"]
[Round "5"]
[Board "3"]
[White "Sanchez Enriquez, Oscar Gerard"]
[Black "Lorenzo De La Riva, Lazaro"]
[Result "1-0"]
[WhiteElo "2374"]
[BlackElo "2415"]
[PlyCount "59"]
[EventDate "2014.08.11"]
[EventRounds "9"]
[EventCountry "ESP"]

1. d4 Nf6 2. Bg5 e6 3. Nd2 h6 4. Bh4 d6 5. e3 Nbd7 6. Bd3 a6 7. c3 b6 8. f4 Bb7
9. Ngf3 Be7 10. Qe2 c5 11. O-O Nd5 12. Bg3 N5f6 13. f5 exf5 14. Nh4 g6 15. e4
O-O 16. Nxf5 gxf5 17. Rxf5 cxd4 18. cxd4 Nh7 19. Raf1 Ndf6 20. e5 dxe5 21. Bxe5
Bc8 22. Rxf6 Bxf6 23. Bxh7+ Kxh7 24. Rxf6 Qxf6 25. Bxf6 Bf5 26. Qf3 Bg6 27. h4
Rac8 28. h5 Rc1+ 29. Kh2 Bc2 30. Ne4 1-0

[Event "XV Obert Internacional d'Escacs de Figueres "Mique"]
[Site "Castillo San Ferran Figueres"]
[Date "2014.08.15"]
[Round "5"]
[Board "4"]
[White "Izagirre Alsua, Aritz"]
[Black "Aloma Vidal, Robert"]
[Result "0-1"]
[WhiteElo "1913"]
[BlackElo "2403"]
[PlyCount "62"]
[EventDate "2014.08.11"]
[EventRounds "9"]
[EventCountry "ESP"]

1. e4 d5 2. exd5 Qxd5 3. d4 Nc6 4. Be3 e5 5. Nc3 Bb4 6. dxe5 Qxe5 7. Qd2 Bg4 8.
h3 Rd8 9. Bd3 Bh5 10. Nge2 Nf6 11. O-O Bxe2 12. Qxe2 O-O 13. Nb5 Rfe8 14. Qf3
Rxd3 15. cxd3 Qxb5 16. d4 Qd5 17. a3 Qxf3 18. gxf3 Bd6 19. Rfe1 Nd5 20. Rad1 f5
21. Kf1 Kf7 22. Bd2 Nxd4 23. Rxe8 Kxe8 24. Bc3 Nxc3 25. Rxd4 Nb5 26. Rd5 c6 27.
Rxf5 Nd4 28. Rg5 Kf7 29. Kg2 Ne6 30. Ra5 a6 31. h4 c5 0-1

[Event "XV Obert Internacional d'Escacs de Figueres "Mique"]
[Site "Castillo San Ferran Figueres"]
[Date "2014.08.15"]
[Round "5"]
[Board "5"]
[White "Kohlweyer, Bernd"]
[Black "Caballero Maytin, Jesus"]
[Result "0-1"]
[WhiteElo "2422"]
[BlackElo "1992"]
[PlyCount "52"]
[EventDate "2014.08.11"]
[EventRounds "9"]
[EventCountry "ESP"]

1. d4 Nf6 2. c4 e6 3. Nc3 Bb4 4. e3 c5 5. Nge2 O-O 6. a3 Bxc3+ 7. Nxc3 cxd4 8.
exd4 d5 9. c5 h6 10. Bf4 Ne8 11. b4 Nc6 12. Qd2 Qf6 13. Rd1 a6 14. Be2 g5 15.
Be3 Qg7 16. h4 f6 17. g4 Nc7 18. f4 e5 19. fxe5 fxe5 20. hxg5 exd4 21. Bxd4
Nxd4 22. gxh6 Nf3+ 23. Bxf3 Qe5+ 24. Ne2 Rxf3 25. Rh5 Qf6 26. Qg5+ Kh7 0-1

[Event "XV Obert Internacional d'Escacs de Figueres "Mique"]
[Site "Castillo San Ferran Figueres"]
[Date "2014.08.15"]
[Round "5"]
[Board "6"]
[White "Renteria, Jorge"]
[Black "Alarcon Casellas, Rolando"]
[Result "1/2-1/2"]
[WhiteElo "2306"]
[BlackElo "2411"]
[PlyCount "37"]
[EventDate "2014.08.11"]
[EventRounds "9"]
[EventCountry "ESP"]

1. e4 c5 2. Nf3 d6 3. Bb5+ Nc6 4. O-O Bd7 5. c3 Nf6 6. d4 Nxe4 7. Re1 Nf6 8.
Bg5 Qb6 9. Na3 O-O-O 10. Bc4 Be8 11. dxc5 dxc5 12. Qc2 e6 13. Bb3 Be7 14. Bh4
Nd5 15. Bxe7 Ndxe7 16. Rad1 Rxd1 17. Rxd1 Qc7 18. Nc4 Nd5 19. Nce5 1/2-1/2

[Event "XV Obert Internacional d'Escacs de Figueres "Mique"]
[Site "Castillo San Ferran Figueres"]
[Date "2014.08.15"]
[Round "5"]
[Board "7"]
[White "Juan Bartroli, Pau"]
[Black "Gonzalez Rodriguez, Jorge A."]
[Result "1/2-1/2"]
[WhiteElo "2186"]
[BlackElo "2382"]
[PlyCount "49"]
[EventDate "2014.08.11"]
[EventRounds "9"]
[EventCountry "ESP"]

1. d4 Nf6 2. c4 c5 3. d5 e5 4. Nc3 d6 5. e4 g6 6. h3 Bg7 7. Nf3 Na6 8. Bd3 Bd7
9. Bg5 h6 10. Be3 Nh5 11. g3 Nc7 12. Nd2 a6 13. Be2 Nf6 14. a4 O-O 15. g4 b6
16. Rb1 a5 17. Nb5 Na6 18. Nxd6 Bxa4 19. Qxa4 Qxd6 20. h4 Ne8 21. h5 g5 22. f3
Qe7 23. Kf2 Nd6 24. Kg2 Rab8 25. b3 1/2-1/2

[Event "XV Obert Internacional d'Escacs de Figueres "Mique"]
[Site "Castillo San Ferran Figueres"]
[Date "2014.08.15"]
[Round "5"]
[Board "8"]
[White "Vinardell Cruanas, Sergi"]
[Black "Campos Moreno, Javier B."]
[Result "1/2-1/2"]
[WhiteElo "2167"]
[BlackElo "2458"]
[PlyCount "26"]
[EventDate "2014.08.11"]
[EventRounds "9"]
[EventCountry "ESP"]

1. e4 c5 2. Nf3 d6 3. d4 cxd4 4. Nxd4 Nf6 5. Nc3 g6 6. Be3 Bg7 7. f3 a6 8. Qd2
Nbd7 9. O-O-O h5 10. Bc4 b5 11. Bd5 Nxd5 12. Nxd5 Ne5 13. b3 Bd7 1/2-1/2

[Event "XV Obert Internacional d'Escacs de Figueres "Mique"]
[Site "Castillo San Ferran Figueres"]
[Date "2014.08.15"]
[Round "5"]
[Board "9"]
[White "Saez Coma, Alejandro"]
[Black "Dalo, Hermes"]
[Result "1/2-1/2"]
[WhiteElo "2113"]
[BlackElo "2221"]
[PlyCount "23"]
[EventDate "2014.08.11"]
[EventRounds "9"]
[EventCountry "ESP"]

1. d4 Nf6 2. c4 e6 3. Nf3 d5 4. cxd5 exd5 5. Nc3 c6 6. Bg5 Be7 7. Qc2 O-O 8. e3
Nbd7 9. Bd3 Re8 10. O-O Nf8 11. Rab1 Ng6 12. b4 1/2-1/2

[Event "XV Obert Internacional d'Escacs de Figueres "Mique"]
[Site "Castillo San Ferran Figueres"]
[Date "2014.08.15"]
[Round "5"]
[Board "10"]
[White "Serra Pages, Jordi"]
[Black "Cano Egea, Gerard"]
[Result "1/2-1/2"]
[WhiteElo "2216"]
[BlackElo "1934"]
[PlyCount "46"]
[EventDate "2014.08.11"]
[EventRounds "9"]
[EventCountry "ESP"]

1. d4 d5 2. c4 e6 3. Nf3 Nf6 4. Nc3 Bb4 5. Bg5 Nbd7 6. e3 c5 7. cxd5 exd5 8.
dxc5 Qa5 9. Rc1 Ne4 10. Qxd5 Nxc3 11. bxc3 Bxc3+ 12. Kd1 O-O 13. Bc4 Nf6 14.
Qd3 Bb4 15. Nd4 Ng4 16. Ke2 Ne5 17. Qb1 b6 18. Bf4 Nxc4 19. Nc6 Qa4 20. Nxb4
Ba6 21. Qb3 Qxb3 22. axb3 bxc5 23. Nxa6 Na5 1/2-1/2

[Event "XV Obert Internacional d'Escacs de Figueres "Mique"]
[Site "Castillo San Ferran Figueres"]
[Date "2014.08.15"]
[Round "5"]
[Board "11"]
[White "Coronado Iruela, Manuel"]
[Black "Dorca Dilme, Ramon"]
[Result "0-1"]
[WhiteElo "2070"]
[BlackElo "2193"]
[PlyCount "106"]
[EventDate "2014.08.11"]
[EventRounds "9"]
[EventCountry "ESP"]

1. Nf3 d6 2. g3 g6 3. Bg2 Bg7 4. O-O e5 5. c4 Nc6 6. Nc3 Nge7 7. d3 O-O 8. Rb1
h6 9. Bd2 Be6 10. b4 Qd7 11. b5 Nd8 12. Ne1 g5 13. e4 Ng6 14. Nc2 c6 15. Ne3
Ne7 16. g4 f6 17. a4 Bf7 18. Nf5 Ne6 19. Ne2 Rfe8 20. Be3 Nxf5 21. exf5 Nf4 22.
bxc6 bxc6 23. Nxf4 gxf4 24. Bd2 d5 25. cxd5 cxd5 26. a5 Rab8 27. Qc2 Rxb1 28.
Rxb1 Rc8 29. Qb2 Bf8 30. Rc1 Rxc1+ 31. Bxc1 Qa4 32. Bf3 e4 33. Be2 f3 34. Bf1
e3 35. fxe3 Qxg4+ 36. Kf2 Bd6 37. Qxf6 Bxh2 38. Ke1 Bg3+ 39. Kd2 Qb4+ 40. Kc2
d4 41. Qxd4 Qb3+ 42. Kd2 Bc7 43. Qg4+ Kf8 44. e4 Bxa5+ 45. Ke3 Qd1 46. Ba3+ Ke8
47. Bh3 Qd2+ 48. Kd4 Qc3+ 49. Ke3 Qxa3 50. f6 Bb6+ 51. Kf4 Qd6+ 52. e5 Qd4+ 53.
Kxf3 Bd5+ 0-1

[Event "XV Obert Internacional d'Escacs de Figueres "Mique"]
[Site "Castillo San Ferran Figueres"]
[Date "2014.08.15"]
[Round "5"]
[Board "12"]
[White "Parals Marce, Luis"]
[Black "Fernandez Garcia, Francesc"]
[Result "1/2-1/2"]
[WhiteElo "1962"]
[BlackElo "2070"]
[PlyCount "22"]
[EventDate "2014.08.11"]
[EventRounds "9"]
[EventCountry "ESP"]

1. d4 Nf6 2. Nf3 g6 3. Bf4 Bg7 4. h3 c5 5. e3 O-O 6. c3 b6 7. Nbd2 Bb7 8. Bd3
d6 9. Qe2 Re8 10. Bb5 Nbd7 11. Rd1 a6 1/2-1/2

[Event "XV Obert Internacional d'Escacs de Figueres "Mique"]
[Site "Castillo San Ferran Figueres"]
[Date "2014.08.15"]
[Round "5"]
[Board "13"]
[White "Serra Canals, Oriol"]
[Black "Ayats Llobera, Gerard"]
[Result "1-0"]
[WhiteElo "1892"]
[BlackElo "1934"]
[PlyCount "105"]
[EventDate "2014.08.11"]
[EventRounds "9"]
[EventCountry "ESP"]

1. d4 d5 2. c4 c6 3. e3 Nf6 4. Nc3 e6 5. Nf3 dxc4 6. Bxc4 Bd6 7. O-O Nbd7 8.
Qe2 Nb6 9. Bd3 O-O 10. e4 Be7 11. e5 Nfd5 12. Qe4 f5 13. exf6 Nxf6 14. Qh4 h6
15. Bxh6 gxh6 16. Qg3+ Kh8 17. Ne5 Bd6 18. Qg6 Qc7 19. Qxh6+ Kg8 20. f4 Qg7 21.
Qh4 Qh8 22. Qe1 Bxe5 23. dxe5 Nfd5 24. Rf3 Kf7 25. Rh3 Qg8 26. Ne4 Bd7 27. Rh7+
Ke8 28. Nd6+ Kd8 29. Qh4+ Kc7 30. Rf1 Ne3 31. Rf2 Nbd5 32. Be4 Rad8 33. Qh3 Kb8
34. Rf3 Qg4 35. Qxg4 Nxg4 36. Bxd5 exd5 37. h3 Nf6 38. exf6 Rxf6 39. Nf7 Rf8
40. Ne5 Bc8 41. g3 Re6 42. Rf2 d4 43. h4 Rg8 44. g4 Rd6 45. g5 d3 46. Rd2 Rd4
47. Rf7 Rh8 48. g6 Rdd8 49. g7 Rhg8 50. h5 Be6 51. Re7 Bf5 52. h6 Bh7 53. Nd7+
 1-0

[Event "XV Obert Internacional d'Escacs de Figueres "Mique"]
[Site "Castillo San Ferran Figueres"]
[Date "2014.08.15"]
[Round "5"]
[Board "14"]
[White "Diaz Munoz, Sergi"]
[Black "Prats Rodriguez, Juan Bosco"]
[Result "1/2-1/2"]
[WhiteElo "2034"]
[BlackElo "2050"]
[PlyCount "77"]
[EventDate "2014.08.11"]
[EventRounds "9"]
[EventCountry "ESP"]

1. e4 d6 2. d4 Nf6 3. Nc3 g6 4. h3 Bg7 5. Be3 a6 6. Qd2 O-O 7. Bd3 b5 8. a3 e5
9. d5 c6 10. dxc6 Nxc6 11. Nge2 Bb7 12. Ng3 Ne7 13. Bh6 Re8 14. Bxg7 Kxg7 15.
O-O-O d5 16. h4 dxe4 17. Ngxe4 Nxe4 18. Nxe4 h5 19. g4 Rh8 20. Rhg1 Rc8 21. Qg5
Nc6 22. gxh5 Qxg5+ 23. hxg5 Rxh5 24. Nc5 Nd8 25. Nxb7 Nxb7 26. a4 Nc5 27. axb5
Nxd3+ 28. Rxd3 axb5 29. Rd5 Rh2 30. Rf1 e4 31. Re5 Rg2 32. Kd2 b4 33. Rxe4 b3
34. c3 Rc5 35. Rb4 Rgxg5 36. Rxb3 Rgf5 37. Ke3 g5 38. Rb4 Kg6 39. Rd4 1/2-1/2

[Event "XV Obert Internacional d'Escacs de Figueres "Mique"]
[Site "Castillo San Ferran Figueres"]
[Date "2014.08.15"]
[Round "5"]
[Board "15"]
[White "Aymerich Verdaguer, Eduard"]
[Black "Vilar Lopez, Monica"]
[Result "1-0"]
[WhiteElo "2023"]
[BlackElo "2171"]
[PlyCount "67"]
[EventDate "2014.08.11"]
[EventRounds "9"]
[EventCountry "ESP"]

1. d4 d5 2. c4 e6 3. Nc3 c5 4. cxd5 exd5 5. Nf3 Nc6 6. g3 Nf6 7. Bg2 Be7 8. O-O
O-O 9. Bg5 c4 10. e3 Re8 11. Nd2 Be6 12. a3 a6 13. b3 Qa5 14. Qc1 Rec8 15. bxc4
dxc4 16. Bxf6 Bxf6 17. Ne2 Rab8 18. Nf4 b5 19. Ne4 Ne7 20. Nxf6+ gxf6 21. Nh5
Qd8 22. Nxf6+ Kg7 23. Nh5+ Kg8 24. d5 Nxd5 25. Bxd5 Bxd5 26. Qc3 f6 27. Qxf6
Rb7 28. Rad1 Rf7 29. Qxd8+ Rxd8 30. e4 Rf3 31. exd5 Rxa3 32. Ra1 Rxa1 33. Rxa1
Rxd5 34. Rxa6 1-0

[Event "XV Obert Internacional d'Escacs de Figueres "Mique"]
[Site "Castillo San Ferran Figueres"]
[Date "2014.08.15"]
[Round "5"]
[Board "16"]
[White "Falgueras Marti, Carles"]
[Black "Pinsach Gelabert, Alexandre"]
[Result "0-1"]
[WhiteElo "1980"]
[BlackElo "2140"]
[PlyCount "78"]
[EventDate "2014.08.11"]
[EventRounds "9"]
[EventCountry "ESP"]

1. e4 e5 2. Nf3 Nc6 3. Bb5 a6 4. Ba4 Nf6 5. O-O b5 6. Bb3 Bb7 7. d3 Be7 8. a3
O-O 9. Nc3 d6 10. Ne2 Na5 11. Ba2 c5 12. Ng3 Bc8 13. h3 Nc6 14. Nh2 d5 15. exd5
Nxd5 16. Qf3 Be6 17. c3 Qd7 18. Nf5 Bxf5 19. Bxd5 Rac8 20. Ng4 Bd6 21. Bg5 Be6
22. Bxe6 Qxe6 23. Rae1 f6 24. Bc1 Rfd8 25. Ne3 Bf8 26. Rd1 Rd7 27. Rd2 Rcd8 28.
Rfd1 Na5 29. Qf5 Qxf5 30. Nxf5 Nb3 31. Re2 Rxd3 32. Rxd3 Rxd3 33. Re1 c4 34.
Ne3 Bc5 35. Nc2 Nxc1 36. Rxc1 Rd2 37. Ne3 Rxb2 38. Rd1 Bxe3 39. fxe3 Ra2 0-1

[Event "XV Obert Internacional d'Escacs de Figueres "Mique"]
[Site "Castillo San Ferran Figueres"]
[Date "2014.08.15"]
[Round "6"]
[Board "1"]
[White "Aroshidze, Levan"]
[Black "Oliva Castaneda, Kevel"]
[Result "1/2-1/2"]
[WhiteElo "2539"]
[BlackElo "2446"]
[PlyCount "132"]
[EventDate "2014.08.11"]
[EventRounds "9"]
[EventCountry "ESP"]

1. e4 c5 2. Nf3 e6 3. d4 cxd4 4. Nxd4 Nc6 5. Nc3 Qc7 6. Be2 a6 7. O-O Nf6 8.
Be3 Bb4 9. Na4 Be7 10. Nxc6 bxc6 11. Nb6 Rb8 12. Nxc8 Qxc8 13. Bd4 c5 14. Be5
Rb6 15. Qd3 d6 16. Bc3 O-O 17. b3 d5 18. exd5 Nxd5 19. Be5 Bf6 20. Bxf6 Nxf6
21. Rad1 Qc7 22. Rd2 Rc8 23. Rfd1 h6 24. Qc4 Nd5 25. Bf3 Nf6 26. g3 Kh7 27. a3
Kg8 28. Rd3 Kh7 29. Rc3 Kg8 30. Qd3 Ne8 31. Qd7 Rd6 32. Rxd6 Nxd6 33. Qxc7 Rxc7
34. Rd3 Rd7 35. b4 c4 36. Rd4 Kf8 37. c3 Ke7 38. a4 Rc7 39. Be2 g5 40. f4 f6
41. Bf3 a5 42. bxa5 Ra7 43. Bc6 Rxa5 44. Bb5 Ra7 45. Kg2 Rc7 46. fxg5 fxg5 47.
Kf3 h5 48. g4 h4 49. h3 Rc5 50. Ba6 e5 51. Rd1 Ke6 52. Ke3 e4 53. Bb5 Ke5 54.
Rd2 Rc8 55. Rf2 Rc7 56. Rf1 Kd5 57. Rd1+ Kc5 58. Rf1 Re7 59. Rf2 Re5 60. Rd2
Nc8 61. Rd7 Nd6 62. Rc7+ Kd5 63. Bc6+ Ke6 64. Bb5 Kd5 65. Bc6+ Ke6 66. Bb5 Kd5
{Kxe4+} 1/2-1/2

[Event "XV Obert Internacional d'Escacs de Figueres "Mique"]
[Site "Castillo San Ferran Figueres"]
[Date "2014.08.15"]
[Round "6"]
[Board "3"]
[White "Caballero Maytin, Jesus"]
[Black "Gomez Garrido, Camilo Ernesto"]
[Result "0-1"]
[WhiteElo "1992"]
[BlackElo "2496"]
[PlyCount "50"]
[EventDate "2014.08.11"]
[EventRounds "9"]
[EventCountry "ESP"]

1. e4 c5 2. Nf3 d6 3. d4 cxd4 4. Nxd4 Nf6 5. Nc3 a6 6. Be2 Nbd7 7. O-O g6 8.
Be3 Bg7 9. f4 O-O 10. f5 Ne5 11. Qd2 b5 12. a3 Bb7 13. fxg6 hxg6 14. Bd3 d5 15.
exd5 Nxd5 16. Nxd5 Qxd5 17. Nf3 Nxf3+ 18. Rxf3 e5 19. Rf2 e4 20. Bf1 Qxd2 21.
Rxd2 Bxb2 22. Rb1 Bc3 23. Rd7 Bc8 24. Re7 Be6 25. Bc5 Rfc8 0-1

[Event "XV Obert Internacional d'Escacs de Figueres "Mique"]
[Site "Castillo San Ferran Figueres"]
[Date "2014.08.15"]
[Round "6"]
[Board "4"]
[White "Perez Mitjans, Orelvis"]
[Black "Gonzalez Rodriguez, Jorge A."]
[Result "1/2-1/2"]
[WhiteElo "2435"]
[BlackElo "2382"]
[PlyCount "164"]
[EventDate "2014.08.11"]
[EventRounds "9"]
[EventCountry "ESP"]

1. e4 e6 2. d4 d5 3. Nc3 Bb4 4. e5 b6 5. Nh3 Bf8 6. Ng5 h6 7. Nf3 c5 8. Ne2 Ba6
9. c3 Qd7 10. h4 Ne7 11. h5 Nec6 12. Nf4 Bxf1 13. Kxf1 cxd4 14. cxd4 Na5 15.
Rh3 Nbc6 16. g4 Be7 17. Rg3 O-O-O 18. Kg2 Kb7 19. Bd2 Rc8 20. Bc3 Kb8 21. Qe2
Nb7 22. g5 hxg5 23. Nxg5 Bxg5 24. Rxg5 Rh7 25. Rg1 Ne7 26. Kf1 Nf5 27. R1g4 Na5
28. Kg1 Nc6 29. Qd3 Nce7 30. Rg2 a5 31. a3 Kb7 32. Kh1 Qa4 33. Kg1 Qb3 34. f3
Rc4 35. Kh2 Rc8 36. R5g4 g6 37. Kg1 gxh5 38. Rg5 Rch8 39. Kh2 Qc4 40. Qd2 h4
41. Kh3 Ng3 42. Qd3 Qxd3 43. Nxd3 Nef5 44. Nf4 Rc8 45. Rd2 Ka6 46. Rd1 Rhh8 47.
Rd3 Rc4 48. Rd2 Rhc8 49. Kg4 b5 50. Rd3 b4 51. axb4 axb4 52. Be1 Rh8 53. Kh3
Rc1 54. Ng2 Kb5 55. Rb3 Rc4 56. Rg4 Ne2 57. Ne3 Rc1 58. Rxb4+ Kc6 59. Nxf5 exf5
60. Rxh4 Nf4+ 61. Kh2 Rc2+ 62. Kh1 Rxh4+ 63. Bxh4 Rd2 64. Bd8 Ne6 65. Rb6+ Kd7
66. Bf6 Rd1+ 67. Kg2 Rxd4 68. Kg3 Rd1 69. Rb7+ Ke8 70. b4 d4 71. b5 d3 72. Re7+
Kf8 73. Rd7 Rb1 74. Rxd3 Rxb5 75. Ra3 Kg8 76. Ra1 Kh7 77. Ra8 Rb1 78. Rh8+ Kg6
79. Rg8+ Kh6 80. Rh8+ Kg6 81. Rg8+ Kh6 82. Rh8+ Kg6 1/2-1/2

[Event "XV Obert Internacional d'Escacs de Figueres "Mique"]
[Site "Castillo San Ferran Figueres"]
[Date "2014.08.15"]
[Round "6"]
[Board "7"]
[White "Izagirre Alsua, Aritz"]
[Black "Renteria, Jorge"]
[Result "0-1"]
[WhiteElo "1913"]
[BlackElo "2306"]
[PlyCount "64"]
[EventDate "2014.08.11"]
[EventRounds "9"]
[EventCountry "ESP"]

1. e4 d6 2. d4 Nf6 3. Nc3 e5 4. Nf3 Nbd7 5. h3 Be7 6. Be3 O-O 7. Be2 c6 8. O-O
b5 9. Bd3 Bb7 10. Ne2 a6 11. c3 c5 12. d5 Bxd5 13. exd5 e4 14. Ng3 exd3 15.
Qxd3 Nb6 16. Nf5 Nfxd5 17. Rad1 Bf6 18. g4 g6 19. Nh6+ Kh8 20. g5 Bg7 21. Ng4
Ra7 22. Kg2 Rd7 23. Bc1 Qa8 24. Rh1 f6 25. h4 c4 26. Qc2 fxg5 27. hxg5 Nxc3 28.
Rxh7+ Kxh7 29. Rh1+ Kg8 30. Nf6+ Bxf6 31. Qxg6+ Bg7 32. Qh5 Qe4 0-1

[Event "XV Obert Internacional d'Escacs de Figueres "Mique"]
[Site "Castillo San Ferran Figueres"]
[Date "2014.08.15"]
[Round "6"]
[Board "8"]
[White "Campos Moreno, Javier B."]
[Black "Serra Pages, Jordi"]
[Result "1-0"]
[WhiteElo "2458"]
[BlackElo "2216"]
[PlyCount "53"]
[EventDate "2014.08.11"]
[EventRounds "9"]
[EventCountry "ESP"]

1. d4 Nf6 2. c4 g6 3. Nc3 d5 4. cxd5 Nxd5 5. e4 Nxc3 6. bxc3 Bg7 7. Be3 c5 8.
Qd2 Qa5 9. Rc1 O-O 10. Nf3 Rd8 11. d5 e6 12. Be2 exd5 13. exd5 Bg4 14. O-O Nd7
15. c4 Qxd2 16. Bxd2 Ne5 17. Nxe5 Bxe2 18. Rfe1 Re8 19. Rxe2 Rxe5 20. Rxe5 Bxe5
21. Re1 Re8 22. Kf1 Re7 23. Bf4 Bf6 24. Rxe7 Bxe7 25. Bc7 Bf6 26. d6 Be5 27.
Bb8 1-0

[Event "XV Obert Internacional d'Escacs de Figueres "Mique"]
[Site "Castillo San Ferran Figueres"]
[Date "2014.08.15"]
[Round "6"]
[Board "9"]
[White "Cano Egea, Gerard"]
[Black "Kohlweyer, Bernd"]
[Result "1/2-1/2"]
[WhiteElo "1934"]
[BlackElo "2422"]
[PlyCount "75"]
[EventDate "2014.08.11"]
[EventRounds "9"]
[EventCountry "ESP"]

1. e4 c5 2. Nf3 d6 3. d4 cxd4 4. Nxd4 Nf6 5. Nc3 a6 6. Bc4 e6 7. Bb3 b5 8. O-O
Be7 9. f4 Bb7 10. e5 dxe5 11. fxe5 Bc5 12. Be3 Bxd4 13. Bxd4 Nc6 14. exf6 Qxd4+
15. Kh1 gxf6 16. Qh5 Qe5 17. Qh6 Qg5 18. Qxg5 fxg5 19. Ne4 Ke7 20. Nxg5 Rac8
21. a4 Rhg8 22. Nf3 Rcd8 23. axb5 axb5 24. h3 Rd7 25. Rf2 Rg7 26. Kh2 Nd4 27.
Nxd4 Rxd4 28. Ra7 Rd7 29. Ra5 Bc6 30. c4 Rg5 31. Ra6 Rc7 32. cxb5 Bxb5 33. Ra5
Rgc5 34. Ba4 Bxa4 35. Rxa4 Rc2 36. Rxc2 Rxc2 37. Rh4 Rxb2 38. Rxh7 1/2-1/2

[Event "XV Obert Internacional d'Escacs de Figueres "Mique"]
[Site "Castillo San Ferran Figueres"]
[Date "2014.08.15"]
[Round "6"]
[Board "10"]
[White "Dalo, Hermes"]
[Black "Parals Marce, Luis"]
[Result "1-0"]
[WhiteElo "2221"]
[BlackElo "1962"]
[PlyCount "35"]
[EventDate "2014.08.11"]
[EventRounds "9"]
[EventCountry "ESP"]

1. d4 Nf6 2. c4 e6 3. Nc3 Bb4 4. e3 O-O 5. Bd3 d5 6. Nf3 c5 7. O-O cxd4 8. exd4
Bxc3 9. bxc3 dxc4 10. Bxc4 Qc7 11. Qe2 b6 12. Ba3 Rd8 13. Ne5 Nc6 14. Rac1 a6
15. f4 b5 16. Bd3 g6 17. Nxc6 Qxc6 18. Be7 1-0